<?xml version="1.0" encoding="UTF-8"?>
<record
    xmlns:xsi="http://www.w3.org/2001/XMLSchema-instance"
    xsi:schemaLocation="http://www.loc.gov/MARC21/slim http://www.loc.gov/standards/marcxml/schema/MARC21slim.xsd"
    xmlns="http://www.loc.gov/MARC21/slim">

  <leader>01586nam a22003497a 4500</leader>
  <controlfield tag="001"> </controlfield>
  <controlfield tag="003">DO-SdBNP</controlfield>
  <controlfield tag="005">20210428105210.0</controlfield>
  <controlfield tag="007"> </controlfield>
  <controlfield tag="008">160902b  2008 dr a | 00| 0 spa d</controlfield>
  <datafield tag="020" ind1=" " ind2=" ">
    <subfield code="a">9789945130966</subfield>
  </datafield>
  <datafield tag="040" ind1=" " ind2=" ">
    <subfield code="a">BPMSU</subfield>
    <subfield code="b">spa</subfield>
    <subfield code="c">BPMSU</subfield>
  </datafield>
  <datafield tag="082" ind1=" " ind2="4">
    <subfield code="a">332.46</subfield>
    <subfield code="b">S714d</subfield>
    <subfield code="2">22</subfield>
  </datafield>
  <datafield tag="100" ind1="1" ind2=" ">
    <subfield code="a">Senci&#xF3;n, C&#xE9;sar Augusto </subfield>
    <subfield code="d"> </subfield>
  </datafield>
  <datafield tag="245" ind1="1" ind2="0">
    <subfield code="a"> Decl&#xED;ve de la hegemon&#xED;a de los Estados Unidos /</subfield>
    <subfield code="c"> C&#xE9;sar Augusto Senci&#xF3;n </subfield>
    <subfield code="b"> </subfield>
  </datafield>
  <datafield tag="260" ind1=" " ind2=" ">
    <subfield code="a">Santo Domingo : </subfield>
    <subfield code="b">Mediabyte, </subfield>
    <subfield code="c">2008</subfield>
  </datafield>
  <datafield tag="300" ind1=" " ind2=" ">
    <subfield code="a">117 p. : </subfield>
    <subfield code="b">ils., gr&#xE1;fs.</subfield>
    <subfield code="c">23 cm. </subfield>
  </datafield>
  <datafield tag="500" ind1=" " ind2=" ">
    <subfield code="a">Incluye referencias bibliogr&#xE1;ficas y notas al pie de las p&#xE1;ginas </subfield>
  </datafield>
  <datafield tag="506" ind1=" " ind2=" ">
    <subfield code="e">Cubanos en Estados Unidos$v Videodiscos digitales.

Administraci&#xF3;n de justicia$z Estados Unidos$v Videodiscos digitales.

aEstados Unidos$x Imperialismo.
aEstados Unidos$x Relaciones exteriores.

Kotz, David. $tInflaci&#xF3;n, depresi&#xF3;n y la clase obrera en Estados Unidos.
Colombia$x Relaciones exteriores$z Estados Unidos $y 1930-1940.
Estados Unidos$x Relaciones exteriores$z Colombia $y 1930-1940.</subfield>
  </datafield>
  <datafield tag="590" ind1=" " ind2=" ">
    <subfield code="6">Inventariado, 2021/VM</subfield>
  </datafield>
  <datafield tag="650" ind1=" " ind2="4">
    <subfield code="a">Macroeconom&#xED;a </subfield>
    <subfield code="z">Estados Unidos </subfield>
  </datafield>
  <datafield tag="650" ind1=" " ind2="4">
    <subfield code="a">Pol&#xED;tica monetaria </subfield>
    <subfield code="z">Estados Unidos </subfield>
  </datafield>
  <datafield tag="650" ind1=" " ind2="4">
    <subfield code="a">Capitalismo </subfield>
    <subfield code="z">Estados Unidos</subfield>
    <subfield code="2"> </subfield>
    <subfield code="3"> </subfield>
    <subfield code="4"> </subfield>
    <subfield code="6"> </subfield>
    <subfield code="8"> </subfield>
    <subfield code="b"> </subfield>
    <subfield code="c"> </subfield>
    <subfield code="d"> </subfield>
    <subfield code="e"> </subfield>
    <subfield code="v"> </subfield>
  </datafield>
  <datafield tag="651" ind1=" " ind2="4">
    <subfield code="a">Estados Unidos </subfield>
    <subfield code="x">Pol&#xED;tica econ&#xF3;mica </subfield>
    <subfield code="y">Siglo XXI</subfield>
  </datafield>
  <datafield tag="651" ind1=" " ind2="4">
    <subfield code="a">Estados Unidos </subfield>
    <subfield code="x">Condiciones econ&#xF3;micas </subfield>
    <subfield code="y">Siglo XXI</subfield>
  </datafield>
  <datafield tag="700" ind1="1" ind2="0">
    <subfield code="a">Trincado, Estrella</subfield>
    <subfield code="e">tr.</subfield>
  </datafield>
  <datafield tag="830" ind1=" " ind2="0">
    <subfield code="a">Pensamiento</subfield>
  </datafield>
  <datafield tag="910" ind1=" " ind2=" ">
    <subfield code="a">VMateo</subfield>
  </datafield>
  <datafield tag="942" ind1=" " ind2=" ">
    <subfield code="2">ddc</subfield>
    <subfield code="c">BK</subfield>
  </datafield>
  <datafield tag="945" ind1=" " ind2=" ">
    <subfield code="a">Inventariado, 2017/MFF</subfield>
  </datafield>
  <datafield tag="952" ind1=" " ind2=" ">
    <subfield code="0">0</subfield>
    <subfield code="1">0</subfield>
    <subfield code="2">ddc</subfield>
    <subfield code="4">0</subfield>
    <subfield code="7">0</subfield>
    <subfield code="8">CD</subfield>
    <subfield code="a">BPMET</subfield>
    <subfield code="b">BPMET</subfield>
    <subfield code="d">2021-04-27</subfield>
    <subfield code="e">Chiqui Vicioso </subfield>
    <subfield code="o">BPMSU CD 332.46 S714d 2008</subfield>
    <subfield code="p">BPMSU21040050</subfield>
    <subfield code="r">2021-04-27</subfield>
    <subfield code="w">2021-04-27</subfield>
    <subfield code="y">BK</subfield>
  </datafield>
  <datafield tag="952" ind1=" " ind2=" ">
    <subfield code="0">0</subfield>
    <subfield code="1">0</subfield>
    <subfield code="2">ddc</subfield>
    <subfield code="4">0</subfield>
    <subfield code="7">0</subfield>
    <subfield code="8">CD</subfield>
    <subfield code="a">BPMET</subfield>
    <subfield code="b">BPMET</subfield>
    <subfield code="d">2021-04-27</subfield>
    <subfield code="e">Chiqui Vicioso </subfield>
    <subfield code="o">BPMSU CD 332.46 S714d 2008</subfield>
    <subfield code="p">BPMSU21040051</subfield>
    <subfield code="r">2021-04-27</subfield>
    <subfield code="t">e.2</subfield>
    <subfield code="w">2021-04-27</subfield>
    <subfield code="y">BK</subfield>
  </datafield>
  <datafield tag="952" ind1=" " ind2=" ">
    <subfield code="0">0</subfield>
    <subfield code="1">0</subfield>
    <subfield code="2">ddc</subfield>
    <subfield code="4">0</subfield>
    <subfield code="7">0</subfield>
    <subfield code="8">CD</subfield>
    <subfield code="a">BPMET</subfield>
    <subfield code="b">BPMET</subfield>
    <subfield code="d">2021-04-27</subfield>
    <subfield code="e">Chiqui Vicioso </subfield>
    <subfield code="o">BPMSU CD 332.46 S714d 2008</subfield>
    <subfield code="p">BPMSU21040052</subfield>
    <subfield code="r">2021-04-27</subfield>
    <subfield code="t">e.3</subfield>
    <subfield code="w">2021-04-27</subfield>
    <subfield code="y">BK</subfield>
  </datafield>
  <datafield tag="956" ind1=" " ind2=" ">
    <subfield code="2">LOPEREZ</subfield>
    <subfield code="3">10</subfield>
    <subfield code="6">20160902</subfield>
    <subfield code="8">BPMSU</subfield>
    <subfield code="a">00041</subfield>
  </datafield>
  <datafield tag="999" ind1=" " ind2=" ">
    <subfield code="c">13439</subfield>
    <subfield code="d">13439</subfield>
  </datafield>
</record>
